• 首页
  • 本馆介绍
  • 公告通知
  • 最新文献
  • 馆藏检索
  • 电子资源
  • 读者导购
  • 参考咨询
  • 我的图书馆
  • 登录
  • 详细信息显示
  • 放入我的书架
  • 预约/预借图书
  • 作者相关作品
  • 分类相关作品
  • 丛书相关作品
  • 出版社相关作品

书目信息

  • 表格格式
  • 工作单格式
  • 卡片格式
题名:
智力加油站
    
 
作者: 刁洪武 , 刁习羽 编著
分册:  
出版信息: 西安   陕西科学技术出版社  2012.6
页数: 208页
开本: 19cm
丛书名:
单 册:
中图分类: G449.4
科图分类:
主题词: 智力测验
电子资源:
ISBN: 978-7-5369-5443-4
000 00874nam0 2200241 450
001 012015000019
005 20151210154652.92
010    @a978-7-5369-5443-4@dCNY23.00
100    @a20120629d2012 em y0chiy0110 ea
101 0  @achi
102    @aCN@b610000
105    @ay z 000yy
106    @ar
200 1  @a智力加油站@Azhi li jia you zhan@f刁洪武,刁习羽编著
210    @a西安@c陕西科学技术出版社@d2012.6
215    @a208页@d19cm
330    @a本书收集整理了在智力研究领域和心理学领域比较有代表性的图形类测试。由于心理学特点,测试不针对某个特定人群,往往孩童能够解决的图形问题,而成年人未必能够找出答案。每个测试均为图形,配以简单文字,比较适合快速阅读,次页给出参考答案。
606 0  @a智力测验
690    @aG449.4@v5
701  0 @a刁洪武@Adiao hong wu@4编著
701  0 @a刁习羽@Adiao xi yu@4编著
801  0 @aCN@b碧洲教育@c20151129
905    @a10447@f3@dG449.4@e243
    
    智力加油站/刁洪武,刁习羽编著.-西安:陕西科学技术出版社,2012.6
    208页;19cm
    
    
    ISBN 978-7-5369-5443-4:CNY23.00
    本书收集整理了在智力研究领域和心理学领域比较有代表性的图形类测试。由于心理学特点,测试不针对某个特定人群,往往孩童能够解决的图形问题,而成年人未必能够找出答案。每个测试均为图形,配以简单文字,比较适合快速阅读,次页给出参考答案。
●
相关链接 在E读中查询图书 在五车中查询图书 在当当中查询图书 在豆瓣中查询图书


正题名:智力加油站     索取号:G449.4/243         预约/预借

序号 登录号 条形码 馆藏地/架位号 状态 备注
1 0872384   208723844   第一样本阅览室/ [索取号:G449.4/243] 在馆    
2 0872385   208723853   教育系资料室/ [索取号:G449.4/243] 在馆    
3 0872386   208723862   教育系资料室/ [索取号:G449.4/243] 在馆    
唐山师范学院图书馆 欢迎您!
大连网信软件有限公司© 版权所有